000 00403nam a2200121 a 4500
001 000044695
005 20201002045546.0
008 141218s201u dr a 000 0 spa d
040 _aDO-SdBNP
_bspa
_cBNPHU
245 0 0 _aNuevo Modelo de Gestión Despacho Judicial Penal :
_bJusticia como servicio, usuario como destinatario.
260 _aSanto Domingo :
_b[s.d.],
_c[201u].
300 _a6 p. :
_bil. ;
_c21 cm.
999 _c44184
_d44184